004020000a2200121000450024500610000065000340006165000290009565000380012465000270016204100130018910000360020277300420023810aEcological evaluation for conservation: a way of thought14aPrioridades de conservación14aEvaluación ecológica14aSelección de áreas protegidas14aEcología del paisaje0 aInglés1 aFandiño Lozano, Martha Teresa1 tLandscape Ecology3262q195-201d2001